[Event "4NCL Division 1a"]
[Site "Birmingham, ENG ENG"]
[Date "2015.11.14"]
[Round "1.142"]
[White "Martin, Andrew D"]
[Black "Shaw, Peter"]
[Result "1/2-1/2"]
[WhiteElo "2375"]
[BlackElo "2113"]
[PlyCount "31"]
[EventDate "2015.11.14"]
[WhiteTeam "Guildford 2"]
[BlackTeam "White Rose 2"]

1. Nf3 d6 2. d4 Bg4 3. e4 Nf6 4. h3 Bh5 5. Nc3 e6 6. Qe2 c6 7. g4 Bg6 8. h4 h5
9. g5 Nfd7 10. Be3 Be7 11. d5 cxd5 12. exd5 e5 13. O-O-O O-O 14. Nd2 Na6 15.
Nde4 Qc7 16. Bh3 1/2-1/2

[Event "4NCL Division 1a"]
[Site "Birmingham, ENG ENG"]
[Date "2015.11.14"]
[Round "1.143"]
[White "Burnett, Jim"]
[Black "Kilpatrick, Callum"]
[Result "0-1"]
[WhiteElo "2170"]
[BlackElo "2352"]
[PlyCount "66"]
[EventDate "2015.11.14"]
[WhiteTeam "White Rose 2"]
[BlackTeam "Guildford 2"]

1. d4 Nf6 2. c4 g6 3. g3 Bg7 4. Bg2 O-O 5. Nc3 d6 6. Nf3 Nbd7 7. O-O e5 8. e4
a6 9. h3 b5 10. Qe2 b4 11. dxe5 bxc3 12. exf6 Bxf6 13. bxc3 Bxc3 14. Rb1 Re8
15. Rd1 Qe7 16. Qc2 Bf6 17. Nd4 Nc5 18. Nc6 Qe6 19. Nd4 Bxd4 20. Rxd4 Bb7 21.
f3 Qe5 22. Qf2 Bc6 23. Bf4 Qf6 24. Rdd1 Rab8 25. Be3 Ne6 26. Ba7 Rxb1 27. Rxb1
Qc3 28. Bf1 Ng5 29. Be3 Nxf3+ 30. Qxf3 Bxe4 31. Rc1 Qxc1 32. Qxf7+ Kxf7 33.
Bxc1 Bd3 0-1

[Event "4NCL Division 1a"]
[Site "Birmingham, ENG ENG"]
[Date "2015.11.14"]
[Round "1.144"]
[White "Wadsworth, Matthew J"]
[Black "Sucikova, Svetlana"]
[Result "1-0"]
[WhiteElo "2252"]
[BlackElo "2177"]
[PlyCount "129"]
[EventDate "2015.11.14"]
[WhiteTeam "Guildford 2"]
[BlackTeam "White Rose 2"]

1. c4 e5 2. g3 Nc6 3. Nc3 g6 4. Bg2 Bg7 5. e4 d6 6. Nge2 f5 7. d3 Nf6 8. O-O
O-O 9. Nd5 Ne7 10. Nxf6+ Rxf6 11. Bg5 Rf7 12. exf5 Rxf5 13. Qd2 Qf8 14. h4 h6
15. Be3 Kh7 16. Be4 Rf7 17. h5 c6 18. d4 Bf5 19. hxg6+ Bxg6 20. Bg2 Nf5 21. d5
c5 22. Nc3 a6 23. Ne4 b5 24. b4 cxb4 25. Qxb4 bxc4 26. Qxc4 Nxe3 27. fxe3 Bxe4
28. Bxe4+ Kh8 29. Qc6 Bf6 30. Rf3 Raa7 31. Raf1 Bg5 32. Qb6 Rxf3 33. Rxf3 Rf7
34. Rxf7 Qxf7 35. Kg2 Qd7 36. Qxa6 Bxe3 37. Qe2 Bg5 38. Qh5 Kg8 39. Qg6+ Kf8
40. Bf5 Qe7 41. Be6 Qg7 42. Qc2 Qb7 43. a4 Ke8 44. a5 Kd8 45. Qa4 Be3 46. a6
Qa7 47. Qc6 Ke7 48. Qc8 Bg1 49. Kh3 Bb6 50. Qh8 Be3 51. Qg7+ Ke8 52. Qg8+ Ke7
53. Qf7+ Kd8 54. Qf8+ Kc7 55. Qe7+ Kb6 56. Qxd6+ Kb5 57. Qc6+ Ka5 58. Bd7 Kb4
59. d6 Bc5 60. Be8 Qb8 61. Qb5+ Qxb5 62. Bxb5 Bb6 63. d7 Kxb5 64. a7 Bxa7 65.
d8=Q 1-0

[Event "4NCL Division 1a"]
[Site "Birmingham, ENG ENG"]
[Date "2015.11.14"]
[Round "1.145"]
[White "O'driscoll, Kieran"]
[Black "Wall, Gavin"]
[Result "0-1"]
[WhiteElo "2078"]
[BlackElo "2325"]
[PlyCount "80"]
[EventDate "2015.11.14"]
[WhiteTeam "White Rose 2"]
[BlackTeam "Guildford 2"]

1. d4 f5 2. g3 Nf6 3. Bg2 g6 4. Nh3 c6 5. c4 d6 6. d5 e5 7. dxe6 Bxe6 8. b3 Bg7
9. Bb2 O-O 10. O-O Na6 11. Ng5 Bd7 12. Nc3 h6 13. Nh3 Qc7 14. Qd2 Rad8 15. Rad1
Bc8 16. Nf4 Kh7 17. Ba3 Nc5 18. b4 Nce4 19. Nxe4 Nxe4 20. Bxe4 fxe4 21. Qe3 Qf7
22. b5 g5 23. Ng2 Qxc4 24. Bxd6 Rfe8 25. bxc6 Qxc6 26. Bc5 b6 27. Bd4 Qd5 28.
Bc3 Qxd1 29. Rxd1 Rxd1+ 30. Ne1 Bh3 31. g4 Bxg4 32. Bxg7 Rxe1+ 33. Kg2 Rxe2 34.
Qc3 e3 35. Bd4 Rxf2+ 36. Kg3 Bh5 37. Qc7+ Rf7 38. Qc6 e2 39. Qxe8 Rf3+ 40. Kg2
Bxe8 0-1

[Event "4NCL Division 1a"]
[Site "Birmingham, ENG ENG"]
[Date "2015.11.14"]
[Round "1.146"]
[White "Povah, Nigel E"]
[Black "Lewyk, Ihor"]
[Result "1-0"]
[WhiteElo "2310"]
[BlackElo "2047"]
[PlyCount "92"]
[EventDate "2015.11.14"]
[WhiteTeam "Guildford 2"]
[BlackTeam "White Rose 2"]

1. d4 c5 2. d5 e5 3. e4 d6 4. f4 Nd7 5. Nf3 Ngf6 6. Nc3 Be7 7. fxe5 Nxe5 8.
Nxe5 dxe5 9. Bb5+ Bd7 10. Be2 Qb6 11. O-O O-O 12. Qe1 Ne8 13. Qg3 Bd6 14. Bg4
Qc7 15. a4 a6 16. a5 Rd8 17. Bd2 g6 18. Bh6 Ng7 19. Rf6 Bxg4 20. Qxg4 Be7 21.
Rf3 c4 22. Kh1 Qd7 23. Qg3 f6 24. Ra4 Rc8 25. Qe1 Bd6 26. Qf1 Qd8 27. h3 Rc5
28. g4 Rxa5 29. Rxa5 Qxa5 30. Rxf6 Nf5 31. Rxf5 gxf5 32. Bxf8 Bxf8 33. gxf5 Bc5
34. d6 b5 35. d7 Qd8 36. Qd1 Bd4 37. Nd5 Kf8 38. c3 Qh4 39. d8=Q+ Qxd8 40. cxd4
Qh4 41. Qf3 Qe1+ 42. Kg2 exd4 43. Qf4 Qe2+ 44. Kg3 Qe1+ 45. Kg4 Qe2+ 46. Kh4
Qe1+ 1-0

[Event "4NCL Division 1a"]
[Site "Birmingham, ENG ENG"]
[Date "2015.11.14"]
[Round "1.147"]
[White "York-Andersen, Anna"]
[Black "Kalaiyalahan, Akshaya"]
[Result "0-1"]
[WhiteElo "1808"]
[BlackElo "2231"]
[PlyCount "72"]
[EventDate "2015.11.14"]
[WhiteTeam "White Rose 2"]
[BlackTeam "Guildford 2"]

1. e4 c5 2. Nf3 Nc6 3. Bb5 g6 4. Bxc6 dxc6 5. d3 Bg7 6. h3 e5 7. Be3 b6 8. Nc3
Ne7 9. Nh2 Be6 10. O-O O-O 11. Qd2 Re8 12. Bh6 Bh8 13. f4 exf4 14. Bxf4 c4 15.
Nf3 cxd3 16. cxd3 Qd7 17. Ng5 Rad8 18. Nxe6 Qxe6 19. Rad1 Rd7 20. Rf3 c5 21.
Qf2 Red8 22. Kh1 c4 23. Nb5 cxd3 24. Nc7 Qxa2 25. Bg3 Qxb2 26. Rd2 Qc1+ 27. Kh2
Bd4 28. Qe1 Qxe1 29. Bxe1 Rxc7 30. Rfxd3 Rcd7 31. Bg3 Bg1+ 32. Kxg1 Rxd3 33.
Rxd3 Rxd3 34. Bb8 Nc6 35. Bc7 Rd2 36. e5 b5 0-1

[Event "4NCL Division 1a"]
[Site "Birmingham, ENG ENG"]
[Date "2015.11.14"]
[Round "1.148"]
[White "Emerson, Roger"]
[Black "Jones, Rupert"]
[Result "1-0"]
[WhiteElo "2194"]
[BlackElo "1872"]
[PlyCount "81"]
[EventDate "2015.11.14"]
[WhiteTeam "Guildford 2"]
[BlackTeam "White Rose 2"]

1. d4 Nf6 2. c4 e6 3. Nc3 Bb4 4. e3 b6 5. Nge2 Bb7 6. a3 Be7 7. Ng3 O-O 8. e4
d6 9. Be2 Nbd7 10. O-O Re8 11. Be3 g6 12. b4 e5 13. d5 a6 14. Qd2 Kh8 15. Rfc1
Rc8 16. Rab1 c6 17. dxc6 Rxc6 18. Nd5 Nxd5 19. cxd5 Rxc1+ 20. Rxc1 Qb8 21. h3
b5 22. a4 bxa4 23. Ra1 Bc8 24. Rxa4 Nb6 25. Ra3 f5 26. exf5 gxf5 27. Bxa6 Bxa6
28. Rxa6 Nc4 29. Qc3 Qb5 30. Rc6 Nxe3 31. fxe3 Qxd5 32. Nxf5 Rg8 33. Qc2 Bg5
34. e4 Qb5 35. Rc8 Qb6+ 36. Kh1 Qxb4 37. Rxg8+ Kxg8 38. Qc8+ Kf7 39. Qd7+ Kg6
40. Qg7+ Kh5 41. g4# 1-0